00233nam a2200085Ia 4500008004100000082001800041245004700059260003000106300001100136230907s9999||||xx |||||||||||||| ||und|| a621.4021bPRI 0aPrinciples of engineering thermodynamics / aWiley,bNew Delhi :c2016 a867 p.